All Districts in Türkiye #1 - Statistics

General Stats
  • This quiz has been taken 17 times
  • The average score is 52 of 486
Answer Stats
Hint Answer % Correct
Afyonkarahisar Çay
62%
İstanbul Bağcılar
46%
İstanbul Beşiktaş
46%
Çanakkale Çan
46%
Adana Ceyhan
46%
İstanbul Kadıköy
46%
Adıyaman Adıyaman Merkez
38%
İstanbul Arnavutköy
38%
İstanbul Büyükçekmece
38%
Aydın Didim
38%
İstanbul Fatih
38%
Antalya Kaş
38%
İstanbul Küçükçekmece
38%
Adana Seyhan
38%
İstanbul Şile
38%
İstanbul Adalar
31%
Afyonkarahisar Afyonkarahisar Merkez
31%
Antalya Alanya
31%
İstanbul Ataşehir
31%
İstanbul Avcılar
31%
İstanbul Bahçelievler
31%
İstanbul Beykoz
31%
Çanakkale Biga
31%
Ankara Çankaya
31%
Çankırı Çankırı Merkez
31%
Adana Çukurova
31%
Ağrı Doğubeyazıt
31%
Edirne Edirne Merkez
31%
Balıkesir Edremit
31%
Balıkesir Erdek
31%
İstanbul Esenler
31%
Eskişehir Han
31%
İstanbul Kâğıthane
31%
Edirne Keşan
31%
İstanbul Pendik
31%
Ankara Polatlı
31%
İstanbul Sarıyer
31%
İstanbul Silivri
31%
İstanbul Tuzla
31%
İstanbul Üsküdar
31%
Adana Yüreğir
31%
Ağrı Ağrı Merkez
23%
Aksaray Aksaray Merkez
23%
Bartın Amasra
23%
Amasya Amasya Merkez
23%
Hatay Antakya
23%
Ardahan Ardahan Merkez
23%
Artvin Artvin Merkez
23%
Balıkesir Ayvalık
23%
Balıkesir Bandırma
23%
Bartın Bartın Merkez
23%
Batman Batman Merkez
23%
Bayburt Bayburt Merkez
23%
İstanbul Bayrampaşa
23%
Adıyaman Besni
23%
İstanbul Beylikdüzü
23%
Bilecik Bilecik Merkez
23%
Bingöl Bingöl Merkez
23%
Diyarbakır Bismil
23%
Bitlis Bitlis Merkez
23%
Bolu Bolu Merkez
23%
Burdur Burdur Merkez
23%
Erzurum Çat
23%
İstanbul Çatalca
23%
İstanbul Çekmeköy
23%
Çorum Çorum Merkez
23%
Antalya Demre
23%
Diyarbakır Dicle
23%
Düzce Düzce Merkez
23%
Aydın Efeler
23%
Elazığ Elazığ Merkez
23%
İstanbul Esenyurt
23%
Çanakkale Ezine
23%
Antalya Finike
23%
Çanakkale Gelibolu
23%
Giresun Giresun Merkez
23%
Gümüşhane Gümüşhane Merkez
23%
Hakkari Hakkari Merkez
23%
Artvin Hopa
23%
Iğdır Iğdır Merkez
23%
Hatay İskenderun
23%
Isparta Isparta Merkez
23%
Ankara Kahramankazan
23%
Antalya | Burdur Kemer
23%
Ankara Kızılcahamam
23%
Aydın Kuşadası
23%
Diyarbakır Lice
23%
İstanbul Maltepe
23%
Antalya Muratpaşa
23%
Aydın Nazilli
23%
Eskişehir Odunpazarı
23%
Erzurum Palandöken
23%
Denizli Pamukkale
23%
Ağrı Patnos
23%
İstanbul Sancaktepe
23%
Bolu Seben
23%
Giresun Şebinkarahisar
23%
Ankara Sincan
23%
İstanbul Şişli
23%
Aydın Söke
23%
İstanbul Sultanbeyli
23%
Diyarbakır Sur
23%
Bitlis Tatvan
23%
Denizli Acıpayam
15%
Ankara Akyurt
15%
Ankara Altındağ
15%
Artvin Arhavi
15%
Hatay Arsuz
15%
Ankara Ayaş
15%
Çanakkale Ayvacık
15%
İstanbul Bakırköy
15%
Çanakkale Bayramiç
15%
İstanbul Beyoğlu
15%
Ankara Beypazarı
15%
Artvin Borçka
15%
Çanakkale Bozcaada
15%
Bilecik Bozüyük
15%
Burdur Bucak
15%
Aydın Buharkent
15%
Denizli Çal
15%
Çanakkale Çanakkale Merkez
15%
Ardahan Çıldır
15%
Denizli Çivril
15%
Hatay Defne
15%
Hatay Dörtyol
15%
Çanakkale Eceabat
15%
Edirne Enez
15%
Hatay Erzin
15%
Erzincan Erzincan Merkez
15%
Ankara Etimesgut
15%
Ankara Evren
15%
İstanbul Eyüpsultan
15%
Adana Feke
15%
İstanbul Gaziosmanpaşa
15%
Antalya Gazipaşa
15%
Bursa Gemlik
15%
Aydın Germencik
15%
Çanakkale Gökçeada
15%
Adıyaman | Ankara Gölbaşı
15%
Balıkesir | Isparta Gönen
15%
İstanbul Güngören
15%
Batman Hasankeyf
15%
Hatay Hassa
15%
Ankara Haymana
15%
Erzincan İliç
15%
Adana İmamoğlu
15%
Aydın İncirliova
15%
Edirne İpsala
15%
Bursa İznik
15%
İstanbul Kartal
15%
Ankara Keçiören
15%
Artvin Kemalpaşa
15%
Antalya Kepez
15%
Antalya Konyaaltı
15%
Antalya Korkuteli
15%
Aydın Köşk
15%
Adana Kozan
15%
Hatay Kumlu
15%
Antalya Kumluca
15%
Ankara Mamak
15%
Balıkesir Marmara
15%
Bolu Mengen
15%
Denizli Merkezefendi
15%
Amasya Merzifon
15%
Bursa Mustafakemalpaşa
15%
Ankara Nallıhan
15%
Bursa Nilüfer
15%
Gaziantep Nurdağı
15%
Bursa Orhangazi
15%
Çankırı Orta
15%
Bursa Osmangazi
15%
Ardahan Posof
15%
Adana Pozantı
15%
Denizli Sarayköy
15%
Isparta Şarkikaraağaç
15%
Gaziantep Şehitkamil
15%
Ankara Şereflikoçhisar
15%
Antalya Serik
15%
Denizli Serinhisar
15%
Balıkesir Sındırgı
15%
Afyonkarahisar Şuhut
15%
İstanbul Sultangazi
15%
Aydın Sultanhisar
15%
Balıkesir Susurluk
15%
Burdur Tefenni
15%
İstanbul Ümraniye
15%
Ankara Yenimahalle
15%
Hakkari Yüksekova
15%
Adana Yumurtalık
15%
İstanbul Zeytinburnu
15%
Burdur Ağlasun
8%
Bitlis Ahlat
8%
Düzce Akçakoca
8%
Antalya Akseki
8%
Antalya | Isparta Aksu
8%
Adana Aladağ
8%
Balıkesir Altıeylül
8%
Burdur Altınyayla
8%
Iğdır Aralık
8%
Artvin Ardanuç
8%
Isparta Atabey
8%
Diyarbakır Bağlar
8%
Denizli Baklan
8%
İstanbul Başakşehir
8%
Afyonkarahisar Başmakçı
8%
Afyonkarahisar | Çorum Bayat
8%
Denizli Bekilli
8%
Batman Beşiri
8%
Balıkesir Bigadiç
8%
Afyonkarahisar Bolvadin
8%
Aydın Bozdoğan
8%
Denizli Bozkurt
8%
Giresun Bulancak
8%
Denizli Buldan
8%
Balıkesir Burhaniye
8%
Denizli Çameli
8%
Ankara Çamlıdere
8%
Giresun Çanakçı
8%
Denizli Çardak
8%
Burdur Çavdır
8%
Burdur Çeltikçi
8%
Çankırı Çerkeş
8%
Diyarbakır Çermik
8%
Aydın Çine
8%
Afyonkarahisar Çobanlar
8%
Diyarbakır Çüngüş
8%
Afyonkarahisar Dazkırı
8%
Afyonkarahisar Dinar
8%
Ağrı Diyadin
8%
Bolu Dörtdivan
8%
Antalya Döşemealtı
8%
Isparta Eğirdir
8%
Ağrı Eleşkirt
8%
Ankara Elmadağ
8%
Antalya Elmalı
8%
Isparta Gelendost
8%
Bolu Gerede
8%
Adıyaman Gerger
8%
Burdur Gölhisar
8%
Balıkesir Gömeç
8%
Giresun Görele
8%
Ankara Güdül
8%
Antalya Gündoğmuş
8%
Ağrı Hamur
8%
Denizli Honaz
8%
Antalya İbradı
8%
Bursa İnegöl
8%
Eskişehir İnönü
8%
Afyonkarahisar İscehisar
8%
Adıyaman Kâhta
8%
Denizli Kale
8%
Aydın Karacasu
8%
Adana Karaisalı
8%
Burdur Karamanlı
8%
Adana Karataş
8%
Balıkesir Karesi
8%
Aydın Karpuzlu
8%
Diyarbakır Kayapınar
8%
Isparta Keçiborlu
8%
Bursa Kestel
8%
Aydın Koçarlı
8%
Batman Kozluk
8%
Aydın Kuyucak
8%
Çanakkale Lapseki
8%
Antalya Manavgat
8%
Bursa Mudanya
8%
Artvin Murgul
8%
Erzurum Oltu
8%
Bursa Orhaneli
8%
Aksaray | Çorum Ortaköy
8%
Hatay Payas
8%
Hatay Reyhanlı
8%
Gaziantep Şahinbey
8%
Adana Saimbeyli
8%
Hatay Samandağ
8%
Afyonkarahisar Sandıklı
8%
Adana Sarıçam
8%
Batman Sason
8%
Artvin Şavşat
8%
Hakkari Şemdinli
8%
Isparta Senirkent
8%
Afyonkarahisar Sinanpaşa
8%
Gümüşhane Şiral
8%
Eskişehir Sivrihisar
8%
Bilecik Söğüt
8%
Afyonkarahisar Sultandağı
8%
Amasya Suluova
8%
Isparta Sütçüler
8%
Amasya Taşova
8%
Denizli Tavas
8%
Giresun Tirebolu
8%
Adana Tufanbeyli
8%
Adıyaman Tut
8%
Isparta Uluborlu
8%
Bartın Ulus
8%
Erzurum Yakutiye
8%
Isparta Yalvaç
8%
Gaziantep Yavuzeli
8%
Çanakkale Yenice
8%
Isparta Yenişarbademli
8%
Bursa | Diyarbakır Yenişehir
8%
Düzce Yığılca
8%
Bursa Yıldırım
8%
Artvin Yusufeli
8%
Bingöl Adaklı
0%
Bitlis Adilcevaz
0%
Aksaray Ağaçören
0%
Elazığ Ağın
0%
Çorum Alaca
0%
Elazığ Alacakaya
0%
Eskişehir Alpu
0%
Hatay Altınözü
0%
Giresun Alucra
0%
Gaziantep Araban
0%
Elazığ Arıcak
0%
Erzurum Aşkale
0%
Çankırı Atkaracalar
0%
Bayburt Aydıntepe
0%
Erzurum Aziziye
0%
Denizli Babadağ
0%
Ankara Balâ
0%
Balıkesir Balya
0%
Elazığ Baskil
0%
Çankırı Bayramören
0%
Hatay Belen
0%
Denizli Beyağaç
0%
Eskişehir Beylikova
0%
Çorum Boğazkale
0%
Bursa Büyükorhan
0%
Giresun Çamoluk
0%
Erzincan Çayırlı
0%
Adıyaman Çelikhan
0%
Eskişehir Çifteler
0%
Düzce Çilimli
0%
Diyarbakır Çınar
0%
Ankara Çubuk
0%
Hakkari Çukurca
0%
Düzce Cumayeri
0%
Ardahan Damal
0%
Bayburt Demirözü
0%
Hakkari Derecik
0%
Giresun Dereli
0%
Çorum Dodurga
0%
Giresun Doğankent
0%
Balıkesir Dursunbey
0%
Diyarbakır Eğil
0%
Çankırı Eldivan
0%
Afyonkarahisar Emirdağ
0%
Diyarbakır Ergani
0%
Aksaray Eskil
0%
Giresun Espiye
0%
Afyonkarahisar Evciler
0%
Giresun Eynesil
0%
Bingöl Genç
0%
Batman Gercüş
0%
Ardahan Göle
0%
Bilecik Gölpazarı
0%
Düzce Gölyaka
0%
Amasya Göynücek
0%
Bolu Göynük
0%
Giresun Güce
0%
Aksaray Gülağaç
0%
Amasya Gümüşhacıköy
0%
Düzce Gümüşova
0%
Denizli Güney
0%
Eskişehir Günyüzü
0%
Bitlis Güroymak
0%
Bursa Gürsu
0%
Aksaray Güzelyurt
0%
Amasya Hamamözü
0%
Ardahan Hanak
0%
Diyarbakır Hani
0%
Bursa Harmancık
0%
Balıkesir Havran
0%
Edirne Havsa
0%
Diyarbakır Hazro
0%
Erzurum Hınıs
0%
Bitlis Hizan
0%
Afyonkarahisar Hocalar
0%
Erzurum Horasan
0%
Afyonkarahisar İhsaniye
0%
Çankırı Ilgaz
0%
Bilecik İnhisar
0%
Çorum İskilip
0%
Gaziantep İslahiye
0%
Erzurum İspir
0%
Balıkesir İvrindi
0%
Ankara Kalecik
0%
Bursa Karacabey
0%
Erzurum Karaçoban
0%
Elazığ Karakoçan
0%
Iğdır Karakoyunlu
0%
Erzurum Karayazı
0%
Çorum Kargı
0%
Gaziantep Karkamış
0%
Bingöl Karlıova
0%
Düzce Kaynaşlı
0%
Elazığ Keban
0%
Bursa Keles
0%
Gümüşhane Kelkit
0%
Erzincan Kemah
0%
Erzincan Kemaliye
0%
Balıkesir Kepsut
0%
Giresun Keşap
0%
Bolu Kıbrıscık
0%
Bingöl Kiğı
0%
Hatay Kırıkhan
0%
Çankırı Kızılırmak
0%
Afyonkarahisar Kızılören
0%
Diyarbakır Kocaköy
0%
Erzurum Köprüköy
0%
Çankırı Korgun
0%
Gümüşhane Köse
0%
Elazığ Kovancılar
0%
Diyarbakır Kulp
0%
Çankırı Kurşunlu
0%
Gümüşhane Kürtün
0%
Bartın Kurucaşile
0%
Çorum Laçin
0%
Edirne Lalapaşa
0%
Elazığ Maden
0%
Eskişehir Mahmudiye
0%
Balıkesir Manyas
0%
Çorum Mecitözü
0%
Edirne Meriç
0%
Eskişehir Mihalgazi
0%
Eskişehir Mihalıççık
0%
Bolu Mudurnu
0%
Bitlis Mutki
0%
Erzurum Narman
0%
Gaziantep Nizip
0%
Gaziantep Oğuzeli
0%
Çorum Oğuzlar
0%
Erzurum Olur
0%
Çorum Osmancık
0%
Bilecik Osmaneli
0%
Erzincan Otlukbeli
0%
Elazığ Palu
0%
Erzurum Pasinler
0%
Bilecik Pazaryeri
0%
Erzurum Pazaryolu
0%
Giresun Piraziz
0%
Ankara Pursaklar
0%
Erzincan Refahiye
0%
Çankırı Şabanözü
0%
Adıyaman Samsat
0%
Eskişehir Sarıcakaya
0%
Aksaray Sarıyahşi
0%
Balıkesir Savaştepe
0%
Erzurum Şenkaya
0%
Eskişehir Seyitgazi
0%
Diyarbakır Silvan
0%
Adıyaman Sincik
0%
Elazığ Sivrice
0%
Bingöl Solhan
0%
Edirne Süloğlu
0%
Aksaray Sultanhanı
0%
Çorum Sungurlu
0%
Ağrı Taşlıçay
0%
Erzurum Tekman
0%
Eskişehir Tepebaşı
0%
Erzincan Tercan
0%
Erzurum Tortum
0%
Gümüşhane Torul
0%
Ağrı Tutak
0%
Iğdır Tuzluca
0%
Çorum Uğurludağ
0%
Erzincan Üzümlü
0%
Erzurum Uzundere
0%
Edirne Uzunköprü
0%
Giresun Yağlıdere
0%
Çankırı Yapraklı
0%
Hatay Yayladağı
0%
Bingöl Yayladere
0%
Bingöl Yedisu
0%
Bolu Yeniçağa
0%
Aydın | Bilecik Yenipazar
0%
Burdur Yeşilova
0%
No matching quizzes found
Score Distribution
Percent of People with Each Score
Percentile by Number Answered
Your Score History
You have not taken this quiz